000 00482nam a2200169Ia 4500
003 GCL
008 140319s9999 xx 000 0 eng d
040 _aGCL /
_cGCL
082 0 4 _a658.8
_bJ M
100 1 _aJONES, ANNE
245 1 0 _aMANAGING THE CLINICAL RESOURCE: AN ACTION - GUIDE FOR HEALTH CARE PROFESSIONALS /
_cJONES, ANNE
260 _a[S.N] :
_bBAILLIERE TINDALL ،
_c1993
300 _a146 P
650 0 4 _aMEDICAL CARE
650 0 4 _aCLINICAL MEDICINE
942 _2ddc
_cBK
999 _c13887
_d13887